| 000 | 00921nam a2200301 i 4500 | ||
|---|---|---|---|
| 001 | 188894 | ||
| 003 | SpMaBN | ||
| 005 | 20250807210245.0 | ||
| 008 | 190221s2013 sp |||| | spa d | ||
| 020 | _a978-84-88909-78-7 | ||
| 080 | _a159.922.27 | ||
| 080 | _a613.88-055.2 | ||
| 080 | _a616.89-008.442.38 | ||
| 080 | _a616.69 | ||
| 100 | 1 |
_aWelldon, Estela V. _9179899 |
|
| 245 | 1 | 0 |
_aMadre, virgen, puta _b: un estudio de la perversión femenina / _cEstela V. Welldon. |
| 250 | _a1ª ed. | ||
| 260 |
_aMadrid : _bPsimática, _c2013. |
||
| 300 |
_a188 p. ; _c24 cm. |
||
| 504 | _aBibliografía: p. [181]-188. | ||
| 650 | 0 | 7 |
_aMadres e hijos. _914725 |
| 650 | 4 |
_aMujeres- _xConducta sexual _915259 |
|
| 650 | 7 |
_aIncesto. _9160654 |
|
| 650 | 7 |
_aSexualidad- _xTrastornos. _917085 |
|
| 852 |
_aES-MaACL _jA-14387 _9196028 _bR.151887 _cDEPO1 _dOlim: N-7387 |
||
| 942 |
_2udc _cMONOGRAFIA |
||
| 999 |
_c188894 _d188894 |
||